[Event "San Francisco TNM Winter op"]
[Site "San Francisco"]
[Date "2010.02.02"]
[Round "5"]
[White "Bookman, Zachary"]
[Black "Askin, Michael"]
[Result "1-0"]
[WhiteElo "1465"]
[BlackElo "1699"]
[PlyCount "67"]
[EventDate "2010.01.05"]
[EventType "swiss"]
[EventRounds "8"]
[EventCountry "USA"]
[SourceTitle "EXT 2012"]
[Source "ChessBase"]
[SourceDate "2011.11.24"]
[SourceVersion "1"]
[SourceVersionDate "2011.11.24"]
[SourceQuality "1"]

1. d4 d5 2. c4 dxc4 3. Nc3 Nf6 4. e4 e5 5. Nf3 exd4 6. Nxd4 Bb4 7. Bg5 0-0 8. Bxc4 Re8 9. Bxf7+ Kxf7 10. Qb3+ Qd5 11. Qxb4 Qxg5 12. Qc4+ Kf8 13. h4 Qf4 14. 0-0 Qxh4 15. e5 Ng4 16. Nf3 Qh5 17. Rfe1 Nc6 18. e6 Re7 19. Rad1 Bxe6 20. Rxe6 Rxe6 21. Qxe6 Re8 22. Qc4 Nce5 23. Qf4+ Kg8 24. Nxe5 Nxe5 25. f3 g5 26. Qf5 Qh4 27. Ne4 Nxf3+ 28. gxf3 g4 29. Nf6+ Kh8 30. Nxe8 Qg3+ 31. Kf1 Qh3+ 32. Ke1 Qg3+ 33. Kd2 gxf3 34. Qf8+ 1-0

[Event "San Francisco TNM Winter op"]
[Site "San Francisco"]
[Date "2010.01.05"]
[Round "2"]
[White "Goodall, Michael"]
[Black "Bookman, Zachary"]
[Result "0-1"]
[WhiteElo "1900"]
[BlackElo "1465"]
[PlyCount "74"]
[EventDate "2010.01.05"]
[EventType "swiss"]
[EventRounds "8"]
[EventCountry "USA"]
[SourceTitle "EXT 2012"]
[Source "ChessBase"]
[SourceDate "2011.11.24"]
[SourceVersion "1"]
[SourceVersionDate "2011.11.24"]
[SourceQuality "1"]

1. e4 e5 2. Nf3 Nc6 3. Bb5 d6 4. d4 Bd7 5. dxe5 Nxe5 6. Bxd7+ Nxd7 7. 0-0 Ngf6 8. Nc3 Be7 9. Re1 0-0 10. Bf4 Nh5 11. Bg3 Nxg3 12. hxg3 Bf6 13. Nd5 Re8 14. c3 Ne5 15. Qc2 Re6 16. Rad1 Nxf3+ 17. gxf3 Qd7 18. f4 Rae8 19. f5 Re5 20. f4 Rxd5 21. Rxd5 g6 22. Qd2 Qa4 23. b3 Qc6 24. e5 dxe5 25. fxe5 Bg5 26. Qd4 gxf5 27. c4 Qe6 28. Qxa7 f4 29. Qf2 fxg3 30. Qxg3 h6 31. Rdd1 Kh8 32. Kf1 Rg8 33. Qf3 Bh4 34. Re2 Rg3 35. Qh1 Qg4 36. Red2 Rf3+ 37. Ke2 Qe4# 0-1